Manažérske rozhodovanie v podnikoch na Slovensku

Charakterizácia procesu manažérskeho rozhodovania v praxi manažérov slovenských podnikov v zmysle konfrontácie teoretických východísk a dotazníkového prieskumu. Identifikovanie najčastejších chýb a omylov, ktorých sa manažéri dopúšťajú. Odporúčania na zlepšenie rozhodovacích procesov.

Salvato in:
Dettagli Bibliografici
Autore principale: Szabo, Ľuboslav
Altri autori: Jankelová, Nadežda, 1966-, Nagyová, Lívia
Natura: Capitolo di libro
Lingua:slovacco
Soggetti:
Tags: Aggiungi Tag
Nessun Tag, puoi essere il primo ad aggiungerne!!

MARC

LEADER 00000naa$a2200000$$$4500
001 0064097
005 20240502071741.2
041 0 |a slo 
044 |a SK 
245 1 0 |a Manažérske rozhodovanie v podnikoch na Slovensku  |c Ľuboslav Szabo, Nadežda Jankelová, Lívia Nagyová 
520 |a Charakterizácia procesu manažérskeho rozhodovania v praxi manažérov slovenských podnikov v zmysle konfrontácie teoretických východísk a dotazníkového prieskumu. Identifikovanie najčastejších chýb a omylov, ktorých sa manažéri dopúšťajú. Odporúčania na zlepšenie rozhodovacích procesov. 
610 2 0 |a rozhodovanie manažérske 
610 2 0 |a Slovensko 
610 2 0 |a dotazníky 
610 2 0 |a podnik 
100 1 |a Szabo, Ľuboslav 
700 1 |a Jankelová, Nadežda, 1966- 
700 1 |a Nagyová, Lívia